000 00614nam a22001937a 4500
005 20251108172636.0
008 250721s2002 xx 000 0 ara d
082 1 4 _a346,048/مجم
245 1 0 _aمجموعة تشريعات الملكية الفكرية /
264 1 _aعمان :
_bشركة مكتب نبيل للقانون،
_c2002.
300 _a390 ص
650 1 7 _aالملكية الفكرية
650 1 7 _aحق الملكية الفكرية
650 1 7 _aحقوق النشر
650 1 7 _aالأردن
710 2 _aشركة مكتب نبيل للقانون
942 _2ddc
_cBK
999 _c84786
_d84786